000 00302nam a2200133Ia 4500
100 _aSantacruz operation Inc
942 _cBK
654 _aUNIX
245 _aDevelopment system:Programmers reference
260 _bSantacruz Operation Inc.
082 _a5.43
_bSCO
546 _aENGLISH
999 _c26123
_d26123